| 000 | 00940cam a2200253 a 4500 | ||
|---|---|---|---|
| 005 | 20191224042310.0 | ||
| 008 | 910719s19850000-usabo 0 spa d | ||
| 040 |
_aCO-BoPUJ _cCO-BoIAVH _dCO-BoIAVH |
||
| 041 | 0 | _aspa | |
| 044 | _axxu | ||
| 082 | 0 | 4 |
_a639.313 _bB71p |
| 100 | 1 | _aBonetto, Argentino A. | |
| 245 | 1 | 0 |
_aPesca y piscicultura en aguas continentales de América Latina / _cArgentino A. Bonetto y Hugo P. Castello |
| 260 |
_aWashington : _bOEA, _c1985. |
||
| 300 |
_avi, 118 páginas : _bilustraciones ; _c23 x 15 cm. |
||
| 504 | _aIncluye referencias bibliográficas. | ||
| 650 | 2 | 4 |
_aIndustria pesquera _zAmérica Latina |
| 650 | 2 | 6 |
_aPesca _zAmérica Latina |
| 650 | 2 | 6 |
_aPiscicultura _zAmérica Latina |
| 650 | 2 | 6 | _aIctiología |
| 700 | 1 | _aCastello, Hugo P. | |
| 710 | 2 | _aSecretaría General de la Organización de los Estados Americanos, OEA | |
| 942 |
_2ddc _cLIBRO |
||
| 999 |
_c19026 _d19026 |
||